000 01992nam a22004331i 4500
001 ebr10756354
003 CaPaEBR
006 m o d
007 cr cn|||||||||
008 050411s2005 nyu ob 001 0 eng d
020 _z1576591972 (pbk.)
020 _z9781576591970
020 _a9781576592878 (e-book)
040 _aCaPaEBR
_beng
_erda
_epn
_cCaPaEBR
035 _a(OCoLC)817789425
050 1 4 _aBS1475.53
_b.B6613 2005eb
082 0 4 _a223/.807
_223
100 0 _aBonaventure,
_cSaint, Cardinal,
_dapproximately 1217-1274.
240 1 0 _aCommentarius in librum Ecclesiastes.
_lEnglish
245 1 0 _aCommentary on Ecclesiastes /
_ctranslation and notes by Campion Murray and Robert J. Karris ; introd. by Robert J. Karris.
264 1 _aSt. Bonaventure, New York :
_bFranciscan Institute Publications,
_c2005.
300 _a1 online resource (463 pages)
336 _atext
_2rdacontent
337 _acomputer
_2rdamedia
338 _aonline resource
_2rdacarrier
440 0 _aWorks of St. Bonaventure ;
_vVII
500 _aTranslation of: Commentarius in librum Ecclesiastes.
504 _aIncludes bibliographical references and indexes.
588 _aDescription based on print version record.
590 _aElectronic reproduction. Palo Alto, Calif. : ebrary, 2013. Available via World Wide Web. Access may be limited to ebrary affiliated libraries.
630 0 0 _aBible.
_pEcclesiastes
_vCommentaries
_vEarly works to 1800.
650 0 _aTheology.
655 0 _aElectronic books.
700 1 _aKarris, Robert J.
700 1 _aMurray, Campion.
776 0 8 _iPrint version:
_aBonaventure, Saint, Cardinal.
_tCommentary on Ecclesiastes.
_dSt. Bonaventure, New York : Franciscan Institute Publications, 2005
_h461 pages ; 24 cm.
_kWorks of St. Bonaventure ; VII.
_z9781576591970
_w(DLC) 2005921754
797 2 _aebrary.
856 4 0 _uhttp://site.ebrary.com/lib/rucke/Doc?id=10756354
_zAn electronic book accessible through the World Wide Web; click to view
999 _c118405
_d118405